000 01040nam0a22002771 4500
001 RU\INFOCOMM_322\NLR\5000082468
005 20250613102715.0
035 _a(NLR Aleph) 009450729
090 _a8404149
_c8404149
100 _a20121203d1988 |||y0rusy50 ca
101 0 _aeng
102 _aRU
105 _ay z |||||
200 1 _aEthnology as a social discipline
_e(Experience a. problems)
_e12th Intern. congr. of anthropol. a. ethnological sciences, Zagreb, Yugoslavia, July 24-31, 1988
_fR. F. Its
_gUSSR Acad. of sciences, N. N. Mikloukho-Maklay inst. of ethnography
210 _aM.
_cNauka
_d1988
215 _a9 с.
_d21 см
606 _aЭтнография
_xМетодология
_2nlr_sh1
620 _aМосква
686 _aТ5в
_2rubbk
700 1 _aIts
_bR. F.
_gRudol'f Ferdinandovič
712 1 2 _aInternational congress of anthropological and ethnological sciences
_d12
_eZagreb
_f1988
_4570
801 1 _aRU
_bNLR
_c20121203
801 0 _aRU
_bINFOCOMM
_gPSBO
852 _aNLR
_jГ01 Д-4/264
942 _cBOOK
980 _aNB